Представление документа в формате RUSMARC

Поле Инд. ПП Название Значение
Тип записи a
Библиографический уровень a
001 Контрольный номер 3df7a5f4392f4eaba48b91d30ba27504
005 Дата корректировки 20200407131657.6
100 a Данные общей обработки 20181112 ||| 0rusy0189 ca
101 0_ a Язык текста rus
102 a Страна публикации RU
200 1_ f Первые сведения об ответственности В.И. Алескеров, Е.Д. Мигачева
a Заглавие К вопросу о выявлении преступлений экстремистской и террористической направленности с использованием сферы телекоммуникаций и компьютерной информации
b Общее обозначение материала Текст
210 d Дата издания 2017
461 _0 1 2000
a Закон и право
463 _0 1 2000
a №8
v С. 62-65
1 2101
d 2017
1 001c7cc9c8d1c534e92b9d81f95d3d3b441
606 a Основная рубрика Право. Юридические науки
x Основная подрубрика Уголовное право
610 0_ a Ключевые слова КРИМИНОЛОГИЯ
a Ключевые слова ПРЕСТУПЛЕНИЕ ПРОФИЛАКТИКА
a Ключевые слова ЭКСТРЕМИЗМ
a Ключевые слова ТЕРРОРИЗМ
a Ключевые слова ИНФОРМАЦИОННО-КОММУНИКАЦИОННЫЕ ТЕХНОЛОГИИ
700 _1 a Фамилия Алескеров
b Имя В.И.
701 _1 a Фамилия Мигачева
b Имя Е.Д.
801 _0 a Страна RU
b Организация РГУП
c Дата составления 20181112
g Правила каталогизации PSBO
801 _1 a Страна RU
b Организация РГУП
c Дата составления 20181112
g Правила каталогизации PSBO
901 t Тип документа b
w Контрольный № источника c7cc9c8d1c534e92b9d81f95d3d3b441
905 a Дата ввода 20181112